|
|
|
|
| LEADER |
006430000a22002050004500 |
| 020 |
|
|
|a 0-7456-2059-0
|
| 082 |
|
|
|a 330.122 P0
|
| 100 |
|
|
|a Coates, David; Author
|
| 245 |
|
|
|a Models of capitalism: growth and stagnation in the modern era
|
| 250 |
|
|
|
| 260 |
|
|
|a Cambridge, Polity Press,
|
| 260 |
|
|
|c 2000
|
| 460 |
|
|
|a xi,304
|
| 465 |
|
|
|a Rs.1,241.97
|
| 500 |
|
|
|a David Coates
|
| 500 |
|
|
|a Includes bibliographical references and index
|
| 650 |
|
|
|a Capitalism
|
| 942 |
|
|
|c BK
|
| 999 |
|
|
|c 31006
|d 31006
|
| 952 |
|
|
|0 0
|1 0
|4 0
|6 330_122000000000000_P0
|7 0
|8 ENG
|9 31057
|a MGUL
|b MGUL
|d 2013-07-16
|e Rs.1,241.97
|l 0
|o 330.122 P0
|p 31528
|r 2013-07-16
|w 2013-07-16
|y BK
|